Представление документа в формате RUSMARC

Поле Инд. ПП Название Значение
Тип записи a
Библиографический уровень a
001 Контрольный номер e871bf08f77347e7bc8e56fd9adf2adb
005 Дата корректировки 20181120134537.3
100 a Данные общей обработки 20180918 ||| 0rusy0189 ca
101 0_ a Язык текста rus
102 a Страна публикации RU
200 1_ f Первые сведения об ответственности Н.В. Романенко
a Заглавие Применение мер пресечения в отношении судей: проблемные вопросы законодательного регулирования
b Общее обозначение материала Текст
210 d Дата издания 2018
461 _0 1 2000
a Российский судья
463 _0 1 2000
a №6
v С. 46-51
1 2101
d 2018
1 00149cb462060434d60b673f504c328f302
606 a Основная рубрика Уголовно-процессуальное право
610 0_ a Ключевые слова УГОЛОВНЫЙ ПРОЦЕСС
a Ключевые слова МЕРЫ ПРЕСЕЧЕНИЯ
a Ключевые слова УГОЛОВНОЕ ПРЕСЛЕДОВАНИЕ
a Ключевые слова ЗАКЛЮЧЕНИЕ ПОД СТРАЖУ
a Ключевые слова СУДЬЯ
700 _1 a Фамилия Романенко
b Имя Н.В.
801 _0 a Страна RU
b Организация РГУП
c Дата составления 20180918
g Правила каталогизации PSBO
801 _1 a Страна RU
b Организация РГУП
c Дата составления 20180918
g Правила каталогизации PSBO
901 t Тип документа b
w Контрольный № источника 49cb462060434d60b673f504c328f302
905 a Дата ввода 20180918